"Sohn der Erde": Teilhard de Chardin
| Main Author: | |
|---|---|
| Format: | Electronic Article |
| Language: | German |
| Check availability: | HBZ Gateway |
| Interlibrary Loan: | Interlibrary Loan for the Fachinformationsdienste (Specialized Information Services in Germany) |
| Published: |
2005
|
| In: |
Internationale katholische Zeitschrift Communio
Year: 2005, Volume: 34, Issue: 5, Pages: 474-480 |
| Standardized Subjects / Keyword chains: | B
Teilhard de Chardin, Pierre 1881-1955
|
| IxTheo Classification: | CF Christianity and Science KAJ Church history 1914-; recent history KDB Roman Catholic Church |
| Further subjects: | B
Teilhard de Chardin,Pierre
|
| Online Access: |
Volltext (kostenfrei) |
| Parallel Edition: | Non-electronic
|
MARC
| LEADER | 00000caa a22000002c 4500 | ||
|---|---|---|---|
| 001 | 1901989518 | ||
| 003 | DE-627 | ||
| 005 | 20250123092558.0 | ||
| 007 | cr uuu---uuuuu | ||
| 008 | 240905s2005 xx |||||o 00| ||ger c | ||
| 024 | 7 | |a 10.57975/ikaz.v34i5.5551 |2 doi | |
| 035 | |a (DE-627)1901989518 | ||
| 035 | |a (DE-599)KXP1901989518 | ||
| 040 | |a DE-627 |b ger |c DE-627 |e rakwb | ||
| 041 | |a ger | ||
| 084 | |a 1 |2 ssgn | ||
| 100 | 1 | |0 (DE-588)11581812X |0 (DE-627)035243287 |0 (DE-576)16109435X |4 aut |a Gerl-Falkovitz, Hanna-Barbara |d 1945- | |
| 109 | |a Gerl-Falkovitz, Hanna-Barbara 1945- |a Gerl-Falkovitz, Hanna Barbara 1945- |a Gerl-Falkovitz, Hanna B. 1945- |a Gerl, Hanna-Barbara 1945- |a Gerl, Barbara 1945- |a Falkovitz, Hanna-Barbara Gerl- 1945- | ||
| 245 | 1 | 0 | |a "Sohn der Erde": Teilhard de Chardin |c Hanna-Barbara Gerl-Falkovitz |
| 264 | 1 | |c 2005 | |
| 336 | |a Text |b txt |2 rdacontent | ||
| 337 | |a Computermedien |b c |2 rdamedia | ||
| 338 | |a Online-Ressource |b cr |2 rdacarrier | ||
| 506 | |a [DE-21]Open Access |e Controlled Vocabulary for Access Rights |u http://purl.org/coar/access_right/c_abf2 | ||
| 533 | |a Reproduktion |d 2023 |7 |2023|||||||||| | ||
| 540 | |a [DE-21]Urheberrechtsschutz 1.0 |2 rs |u https://rightsstatements.org/page/InC/1.0/?language=en | ||
| 650 | 4 | |a Teilhard de Chardin,Pierre | |
| 652 | |a CF:KAJ:KDB | ||
| 689 | 0 | 0 | |d p |0 (DE-588)118621165 |0 (DE-627)079410022 |0 (DE-576)209130385 |2 gnd |a Teilhard de Chardin, Pierre |d 1881-1955 |
| 689 | 0 | |5 (DE-627) | |
| 773 | 0 | 8 | |i Enthalten in |t Internationale katholische Zeitschrift Communio |d Freiburg : Herder, 1972 |g 34(2005), 5, Seite 474-480 |h Online-Ressource |w (DE-627)1030283478 |w (DE-600)2941594-9 |w (DE-576)510702619 |x 2941-7228 |7 nnas |
| 773 | 1 | 8 | |g volume:34 |g year:2005 |g number:5 |g pages:474-480 |
| 776 | 0 | 8 | |i Elektronische Reproduktion von |a Gerl-Falkovitz, Hanna-Barbara, 1945 - |t "Sohn der Erde" |d 2005 |w (DE-627)1864337540 |w (DE-576)46639618X |k Non-Electronic |
| 856 | 4 | 0 | |u https://doi.org/10.57975/ikaz.v34i5.5551 |x Digitalisierung |z kostenfrei |3 Volltext |7 0 |
| 935 | |a mteo |a DTH5 | ||
| 951 | |a AR | ||
| ELC | |a 1 | ||
| ITA | |a 1 |t 1 | ||
| LOK | |0 000 xxxxxcx a22 zn 4500 | ||
| LOK | |0 001 4576596055 | ||
| LOK | |0 003 DE-627 | ||
| LOK | |0 004 1901989518 | ||
| LOK | |0 005 20240905144750 | ||
| LOK | |0 008 240905||||||||||||||||ger||||||| | ||
| LOK | |0 040 |a DE-Tue135 |c DE-627 |d DE-Tue135 | ||
| LOK | |0 092 |o n | ||
| LOK | |0 852 |a DE-Tue135 | ||
| LOK | |0 852 1 |9 00 | ||
| LOK | |0 935 |a ixzs | ||
| LOK | |0 936ln |0 1442049839 |a KDB | ||
| LOK | |0 936ln |0 1442044640 |a KAJ | ||
| LOK | |0 936ln |0 144204389X |a CF | ||
| LOK | |0 939 |a 05-09-24 |b l01 | ||
| OAS | |a 1 | ||
| ORI | |a SA-MARC-ixtheoa001.raw | ||
| SYG | 0 | 0 | |a Teilhard de Chardin, Pierre S. J.,1881-1955,Teilhard de Chardin, Pierre S.J.,1881-1955,Teilhard-de-Chardin, Pierre,1881-1955,Teilhard de Chardin, P.,1881-1955,Teilhard de Chardin, Marie-Joseph Pierre,1881-1955,Teilhard de Chardin, Marie-Joseph P.,1881-1955,Teilhard de Shardin, Pierre,1881-1955,Tejjar de Šarden, Per,1881-1955,Tejjar de Šarden, P'er,1881-1955,Tê, Jih-chin,1881-1955,Chardin, Pierre Teilhard de,1881-1955,Chardin, P. Teilhard de,1881-1955,Chardin, Pierre T. e,1881-1955,Chardin, Teilhard de,1881-1955,Šarden, Pieṙ Teyar dẹ,1881-1955,De Ri jin,1881-1955,Derijin,1881-1955,De Rijin,1881-1955,De, Rijin,1881-1955 |